000 00362nam a2200097Ia 4500
008 180130s9999 xx 000 0 und d
245 _cNeer, Sandra M.; Ragsdale, Katie A.
_aObsessive-compulsive and related disorders
260 _c2014
300 _aBook title: Adult psychopathology and diagnosis--Acession number C20776; pages 355-386
650 _aPSYCHOPATHOLOGY
999 _c353914
_d353914